Catálogo

Planificación y desarrollo de proyectos sociales y educativos / (Registro nro. 63770)

Detalles MARC
000 -LEADER
fixed length control field 00762nam a2200241 u 4500
001 - CONTROL NUMBER
control field 63770
005 - DATE AND TIME OF LATEST TRANSACTION
control field 20180714070340.0
008 - FIXED-LENGTH DATA ELEMENTS--GENERAL INFORMATION
fixed length control field 151209s2014 mx r 000 0 spa d
020 ## - INTERNATIONAL STANDARD BOOK NUMBER
International Standard Book Number 9789681854164
041 ## - LANGUAGE CODE
Language code of text/sound track or separate title spa
082 0# - DEWEY DECIMAL CLASSIFICATION NUMBER
Classification number 361.2522
Item number ALV
100 1# - MAIN ENTRY--PERSONAL NAME
Personal name Alvarez García, Isaías
Relator term autor
245 10 - TITLE STATEMENT
Title Planificación y desarrollo de proyectos sociales y educativos /
Statement of responsibility, etc. Isaías Álvarez García.
250 ## - EDITION STATEMENT
Edition statement Primera edición
264 #1 - PRODUCTION, PUBLICATION, DISTRIBUTION, MANUFACTURE, AND COPYRIGHT NOTICE
Place of production, publication, distribution, manufacture México :
Name of producer, publisher, distributor, manufacturer Editorial Limusa,
Date of production, publication, distribution, manufacture, or copyright notice 2014
300 ## - PHYSICAL DESCRIPTION
Extent 122 páginas ;
Dimensions 24 cm.
336 ## - CONTENT TYPE
Content type term texto
Source rdacontent
337 ## - MEDIA TYPE
Media type term sin mediación
Source rdamedia
338 ## - CARRIER TYPE
Carrier type term volumen
Source rdacarrier
650 #4 - SUBJECT ADDED ENTRY--TOPICAL TERM
Topical term or geographic name entry element Política social
650 #4 - SUBJECT ADDED ENTRY--TOPICAL TERM
Topical term or geographic name entry element Planificación regional
650 #4 - SUBJECT ADDED ENTRY--TOPICAL TERM
Topical term or geographic name entry element Planificación educativa
Existencias
Withdrawn status Lost status Source of classification or shelving scheme Damaged status Not for loan Collection code Home library Current library Shelving location Date acquired Source of acquisition Total Checkouts Full call number Barcode Checked out Date last seen Date last checked out Price effective from Koha item type
    Dewey Decimal Classification     Magisterial Biblioteca Karol Wojtyla Biblioteca Karol Wojtyla Módulo de circulación 09/12/2015 Compra 1 361.2522 ALV 2014 94909 18/04/2018 18/04/2018 18/04/2018 14/06/2017 Magisterial
Descarte   Dewey Decimal Classification     General Tehuacán Tehuacán Sala general 03/12/2013 Compra   370 GAR 502216   08/10/2015 08/10/2015 03/12/2013 Reserva permanente